[Event "TCh-ISR 2018"]
[Site "Israel ISR"]
[Date "2018.03.02"]
[Round "11.4"]
[Board "4"]
[White "Deutsch, Eyal"]
[Black "Lev, Ronen"]
[Result "1/2-1/2"]
[WhiteTitle "IM"]
[BlackTitle "GM"]
[WhiteElo "2350"]
[BlackElo "2350"]
[WhiteTeam "Elizur Dov Petah Tikva"]
[BlackTeam "Herzliya Chess Club"]
[WhiteFideId "2803917"]
[BlackFideId "2800063"]
[EventDate "2018.01.05"]

1. Nf3 d5 2. b3 c5 3. e3 Nf6 4. Bb2 Nc6 5. Bb5 Bd7 6. O-O e6 7. d3 Bd6 8. Bxc6
Bxc6 9. Ne5 Rc8 10. Nd2 O-O 11. f4 Qe7 12. Qe2 Ne8 13. Nxc6 Rxc6 14. e4 d4 15.
a4 Bc7 16. g3 g6 17. Nf3 f6 18. Bc1 Ba5 19. Bd2 Bxd2 20. Nxd2 Nc7 21. Nc4 1/2-1/2

[Event "TCh-ISR 2018"]
[Site "Israel ISR"]
[Date "2018.03.02"]
[Round "11.4"]
[Board "5"]
[White "Caspi, Israel"]
[Black "Grinshpun, Eduard"]
[Result "1-0"]
[WhiteTitle "IM"]
[BlackTitle "IM"]
[WhiteElo "2461"]
[BlackElo "2360"]
[WhiteTeam "Herzliya Chess Club"]
[BlackTeam "Elizur Dov Petah Tikva"]
[WhiteFideId "2807394"]
[BlackFideId "4167554"]
[EventDate "2018.01.05"]

1. e4 c6 2. d4 d5 3. e5 Bf5 4. Nf3 e6 5. Be2 Nd7 6. O-O Be7 7. Nbd2 g5 8. Nb3 h5
9. Ne1 h4 10. h3 Nh6 11. Nd3 Rg8 12. a4 Qc7 13. a5 a6 14. Ra4 O-O-O 15. Re1 f6
16. exf6 Nxf6 17. Ne5 Bd6 18. Bd3 Ne4 19. f3 Ng3 20. Nc5 Bxc5 21. dxc5 Nf7 22.
Nxf7 Qxf7 23. Re5 Qf6 24. Re1 e5 25. Bxf5+ Qxf5 26. Rg4 e4 27. c3 Nh5 28. Rf1
Ng3 29. Rf2 Rdf8 30. Be3 exf3 31. Rxf3 Qe6 32. Rxg5 Rh8 33. Rg4 Rfg8 34. Rxg8+
Rxg8 35. Kh2 Ne4 36. Qf1 Qe5+ 37. Kg1 Ng3 38. Rf8+ Rxf8 39. Qxf8+ Kd7 40. Qf7+
Kc8 41. Qf3 Nf5 42. Bf4 Qe4 43. Qg4 Kd7 44. Kh2 Ke7 45. Qg5+ Kf7 46. Bd6 Qe6 47.
Bb8 Qe4 48. b4 Ne3 49. Be5 Nf1+ 50. Kg1 Ne3 51. Qg7+ Ke8 52. Bd6 Qb1+ 53. Kf2
Nd1+ 54. Ke2 Qc2+ 55. Ke1 Qxc3+ 56. Qxc3 Nxc3 57. Be5 Ne4 58. Ke2 Kf7 59. Kf3
Ke6 60. Kf4 Nd2 61. Bc3 Nc4 62. Bd4 Na3 63. Bf2 Nc2 64. Bxh4 Nxb4 65. Ke3 Na2
66. Be1 Ke5 67. Bg3+ Ke6 68. Bc7 Nc1 69. g4 Nb3 70. Bb6 Ke5 71. h4 d4+ 72. Kd3
Kf4 73. h5 Kg5 74. Kc2 Na1+ 75. Kb2 d3 76. Kc3 Nc2 77. Kxd3 Nb4+ 78. Ke4 Nd5 79.
Bd8+ Kh6 80. Bh4 1-0

[Event "TCh-ISR 2018"]
[Site "Israel ISR"]
[Date "2018.03.02"]
[Round "11.4"]
[Board "6"]
[White "Arlinsky, Uriel"]
[Black "Kagan, Shimon"]
[Result "1/2-1/2"]
[WhiteTitle "FM"]
[BlackTitle "IM"]
[WhiteElo "2330"]
[BlackElo "2291"]
[WhiteTeam "Elizur Dov Petah Tikva"]
[BlackTeam "Herzliya Chess Club"]
[WhiteFideId "2809575"]
[BlackFideId "2800284"]
[EventDate "2018.01.05"]

1. Nf3 c5 2. e3 Nf6 3. d4 e6 4. c4 Be7 5. d5 exd5 6. cxd5 d6 7. h3 O-O 8. Nc3 a6
9. a4 Bf5 10. Nd2 Re8 11. Be2 Bf8 12. O-O Nbd7 13. b3 Nb6 14. Bf3 Bd3 15. Re1
Nbd7 16. Be2 Bxe2 17. Qxe2 Rb8 18. a5 Ne5 19. Ra4 Qc8 20. Bb2 Ng6 21. Nc4 Qf5
22. e4 Qh5 23. Qxh5 Nxh5 24. g3 Ne5 25. Nxe5 Rxe5 26. Nd1 Ree8 27. Re3 Rbd8 28.
Rc4 g6 29. b4 cxb4 30. Rxb4 Rd7 31. Kg2 Bg7 32. Rb6 Bxb2 33. Rxb2 Nf6 34. Nc3
Rc8 35. Na4 Re7 36. Rb4 Rc2 37. Kf3 Nd7 38. Rc3 Ne5+ 39. Ke3 Rxc3+ 40. Nxc3 Rc7
41. Kd4 Nf3+ 42. Kd3 Ne5+ 43. Kd4 1/2-1/2

[Event "TCh-ISR 2018"]
[Site "Israel ISR"]
[Date "2018.03.02"]
[Round "11.5"]
[Board "1"]
[White "Gorodetzky, David"]
[Black "Flom, Gabriel"]
[Result "1/2-1/2"]
[WhiteTitle "FM"]
[BlackTitle "IM"]
[WhiteElo "2411"]
[BlackElo "2493"]
[WhiteTeam "Tsafrir Rehovot"]
[BlackTeam "Jerusalem Tenth"]
[WhiteFideId "2813416"]
[BlackFideId "621650"]
[EventDate "2018.01.05"]

1. Nf3 Nf6 2. b3 d5 3. Bb2 Bg4 4. g3 Bxf3 5. exf3 Nbd7 6. Bg2 g6 7. f4 c6 8. O-O
Bg7 9. d4 O-O 10. Nd2 a5 11. c4 a4 12. Qc2 e6 13. Nf3 Qb6 14. Ne5 Rfd8 15. Rfe1
axb3 16. axb3 Bf8 17. Bc3 Rdc8 18. c5 Qd8 19. b4 Ne8 20. Bf1 Nc7 21. Ra5 f6 22.
Nf3 b6 23. Rxa8 Rxa8 24. h4 b5 25. Bd3 f5 26. Ng5 Qf6 27. Kg2 Bg7 28. h5 h6 29.
Nf3 g5 30. Ne5 Nxe5 31. dxe5 Qf7 32. fxg5 hxg5 33. Rh1 d4 34. Bd2 g4 35. Bf4 Qd7
36. Re1 Qd5+ 37. Kg1 Qd7 38. Qb2 Qd5 39. Bc2 Qa2 40. Qc1 Qa3 41. Qxa3 Rxa3 42.
Rd1 Kh7 43. Rxd4 Nd5 44. Bd3 Bh6 45. Rxd5 cxd5 46. Bxb5 d4 47. Bd7 Bxf4 48. gxf4
d3 49. Bxe6 d2 50. Bxf5+ Kg7 51. Bxg4 Ra1+ 52. Kg2 d1=Q 53. Bxd1 Rxd1 54. c6 Rb1
55. e6 Kf6 56. h6 Ra1 57. b5 Ra8 58. b6 Kxe6 59. Kf3 Kd6 60. c7 Kc6 61. Kg4 Kxb6
62. Kg5 Kxc7 63. h7 Kd6 64. Kg6 Ke7 65. f5 Rf8 66. f4 Rf6+ 67. Kg7 Rf7+ 68. Kg6
Rf6+ 69. Kg7 Rf7+ 70. Kg6 1/2-1/2

[Event "TCh-ISR 2018"]
[Site "Israel ISR"]
[Date "2018.03.02"]
[Round "11.5"]
[Board "2"]
[White "Gokhvat, Peter"]
[Black "Psakhis, Lev"]
[Result "1-0"]
[BlackTitle "GM"]
[WhiteElo "2251"]
[BlackElo "2475"]
[WhiteTeam "Jerusalem Tenth"]
[BlackTeam "Tsafrir Rehovot"]
[WhiteFideId "2805090"]
[BlackFideId "2800012"]
[EventDate "2018.01.05"]

1. d4 e6 2. Nf3 c5 3. e3 Nf6 4. Bd3 Nc6 5. O-O d5 6. c3 b6 7. Nbd2 Bb7 8. Ne5
Qc7 9. f4 g6 10. Ndf3 Bg7 11. Bd2 O-O 12. Rc1 c4 13. Bc2 Ne7 14. g4 Ne4 15. g5
Nf5 16. Ng4 h5 17. gxh6 Nxh6 18. Nxh6+ Bxh6 19. Bxe4 dxe4 20. Ne5 Kh7 21. Qg4
Rh8 22. Be1 Kg8 23. Bh4 Bg7 24. Kf2 Bd5 25. Qg3 Rf8 26. Ke2 Rh5 27. f5 exf5 28.
Nxg6 Qxg3 29. Ne7+ Kh7 30. hxg3 Be6 31. Rh1 f4 32. exf4 Bg4+ 33. Ke3 Bf3 34. g4
Bxg4 35. Bg5 Bh3 36. Nf5 Bxf5 37. Rxh5+ Kg6 38. Rh2 f6 39. Bh6 Bxh6 40. Rg1+ Bg5
41. fxg5 fxg5 42. Rhg2 Rh8 43. Rxg5+ Kf6 44. Rg8 Rh5 45. R1g3 Be6 46. Rf8+ Ke7
47. Ra8 a5 48. Rb8 Rb5 49. Rg7+ Kd6 50. Rd8+ Kc6 51. Rg6 Kc7 52. Rh8 1-0

[Event "TCh-ISR 2018"]
[Site "Israel ISR"]
[Date "2018.03.02"]
[Round "11.5"]
[Board "3"]
[White "Veinberg, Nimrod"]
[Black "Magen, Daniel"]
[Result "1-0"]
[WhiteTitle "FM"]
[WhiteElo "2370"]
[BlackElo "2161"]
[WhiteTeam "Tsafrir Rehovot"]
[BlackTeam "Jerusalem Tenth"]
[WhiteFideId "2810280"]
[BlackFideId "2802597"]
[EventDate "2018.01.05"]

1. d4 Nf6 2. c4 e6 3. g3 d5 4. Bg2 Be7 5. Nf3 O-O 6. Qc2 c6 7. O-O Nbd7 8. Nbd2
Re8 9. Rd1 Bd6 10. e4 dxe4 11. Nxe4 Nxe4 12. Qxe4 Qe7 13. Bf4 Bxf4 14. Qxf4 Qf6
15. Qe3 Qe7 16. Rd2 Nb6 17. Qb3 Qc7 18. a4 a5 19. Qc3 Bd7 20. b3 Red8 21. Ng5 h6
22. Ne4 Be8 23. Rad1 Rdc8 24. Qe3 Qe7 25. Nc3 Rc7 26. d5 Nxd5 27. cxd5 cxd5 28.
Rc2 Qc5 29. Qxc5 Rxc5 30. Rcc1 Rac8 31. Na2 Rc2 32. Bf1 Bd7 33. Rxc2 Rxc2 34.
Nc1 Kf8 35. Nd3 Rc3 36. Rc1 Rxc1 37. Nxc1 Ke7 38. f4 Kd6 39. Kf2 f6 40. Ke3 e5
41. fxe5+ fxe5 42. Bd3 Bc6 43. Bg6 b5 44. axb5 Bxb5 45. Nd3 Bc6 46. Nf2 Kc5 47.
Nd3+ Kd6 48. Kd2 e4 49. Nf2 Kc5 50. Ke3 Kb4 51. Kd4 Kxb3 52. Bf7 Kc2 53. Ng4 Kd2
54. Ne5 e3 55. Nf3+ Ke2 56. Ne5 Kd2 57. Nf3+ Ke2 58. Ne5 Kf2 59. Ng4+ Kg2 60.
Kxe3 a4 61. Kd4 Kh3 62. Be6 a3 63. Kc3 d4+ 64. Kxd4 Bd7 65. Bxd7 a2 66. Ne3+
Kxh2 67. Nc2 Kxg3 68. Be6 h5 69. Bxa2 h4 70. Ke3 g5 71. Nd4 h3 72. Ne2+ Kg2 73.
Bd5+ Kh2 74. Be4 g4 75. Kf4 g3 76. Nxg3 Kg1 77. Ke3 Kh2 78. Nh5 Kg1 79. Nf4 1-0

[Event "TCh-ISR 2018"]
[Site "Israel ISR"]
[Date "2018.03.02"]
[Round "11.5"]
[Board "4"]
[White "Cohen Revivo, Shoham"]
[Black "Parkhov, Yair"]
[Result "0-1"]
[BlackTitle "FM"]
[WhiteElo "2180"]
[BlackElo "2372"]
[WhiteTeam "Jerusalem Tenth"]
[BlackTeam "Tsafrir Rehovot"]
[WhiteFideId "2813327"]
[BlackFideId "2813408"]
[EventDate "2018.01.05"]

1. e4 e6 2. d4 d5 3. Bd3 dxe4 4. Bxe4 Nf6 5. Bf3 Nbd7 6. Ne2 Bd6 7. O-O O-O 8.
Nbc3 e5 9. Bg5 h6 10. Bh4 Re8 11. dxe5 Nxe5 12. Nd4 Nxf3+ 13. Nxf3 Bf5 14. Nb5
Bf4 15. Qxd8 Raxd8 16. Bxf6 gxf6 17. g3 Be4 18. Nbd4 Be5 19. c3 c5 20. Nxe5 fxe5
21. Nb3 c4 22. Rfe1 f5 23. Nc5 Bf3 24. Re3 e4 25. Nxb7 Rd5 26. b3 Ree5 27. bxc4
Rd7 28. Rb1 f4 0-1

[Event "TCh-ISR 2018"]
[Site "Israel ISR"]
[Date "2018.03.02"]
[Round "11.5"]
[Board "5"]
[White "Mikhalevski, Alexander"]
[Black "Slonimskij, Arkadij"]
[Result "1-0"]
[WhiteTitle "IM"]
[WhiteElo "2423"]
[BlackElo "2128"]
[WhiteTeam "Tsafrir Rehovot"]
[BlackTeam "Jerusalem Tenth"]
[WhiteFideId "2801728"]
[BlackFideId "4113420"]
[EventDate "2018.01.05"]

1. d4 g6 2. c4 Bg7 3. e4 d6 4. Nc3 f5 5. exf5 Bxf5 6. Nf3 Nh6 7. Bd3 O-O 8. Bxh6
Bxh6 9. Bxf5 Rxf5 10. O-O Nc6 11. d5 Na5 12. Nd4 Rf7 13. Ne6 Qd7 14. Qd3 c5 15.
f4 Nc6 16. Qh3 Nd4 17. Qxh6 Nxe6 18. dxe6 Qxe6 19. Nd5 Qe4 20. Rae1 Qd4+ 21. Rf2
e5 22. f5 gxf5 23. Qxd6 e4 24. Ne7+ Kh8 25. Nxf5 e3 26. Qxd4+ cxd4 27. Rf3 Kg8 1-0

[Event "TCh-ISR 2018"]
[Site "Israel ISR"]
[Date "2018.03.02"]
[Round "11.5"]
[Board "6"]
[White "Berenboym, Igor"]
[Black "Galburd, Yan"]
[Result "0-1"]
[WhiteElo "2125"]
[BlackElo "2344"]
[WhiteTeam "Jerusalem Tenth"]
[BlackTeam "Tsafrir Rehovot"]
[WhiteFideId "2810123"]
[BlackFideId "2808528"]
[EventDate "2018.01.05"]

1. e4 e5 2. Nf3 Nf6 3. Nxe5 d6 4. Nf3 Nxe4 5. Nc3 Nxc3 6. dxc3 Nc6 7. Bf4 Be7 8.
Qd2 Be6 9. Nd4 Nxd4 10. cxd4 c6 11. Bd3 O-O 12. h4 a5 13. h5 Re8 14. f3 Qb6 15.
c3 c5 16. Be3 a4 17. Kf2 Bf6 18. g4 cxd4 19. cxd4 Bd5 20. Rad1 h6 21. Bb1 Kf8
22. g5 Rxe3 23. Qxe3 Bxg5 24. Qc3 Be6 25. a3 Rc8 26. Qb4 Qxb4 27. axb4 Rc4 28.
Kg3 Rxb4 29. Rh2 Be3 30. Re2 Bxd4 31. Re4 Be5+ 32. f4 Rxe4 33. Bxe4 Bxb2 34. f5
Bb3 35. Rd3 Bc4 36. Rd2 a3 37. Bb1 b5 38. Kf3 Ke7 39. Rc2 Bd5+ 40. Ke3 b4 41.
Kd3 b3 42. Rxb2 axb2 43. Kd4 Bf3 44. Kc3 d5 45. Kxb3 Be4 0-1

[Event "TCh-ISR 2018"]
[Site "Israel ISR"]
[Date "2018.03.02"]
[Round "11.6"]
[Board "1"]
[White "Gurbanov, Andrei"]
[Black "Alterman, Boris"]
[Result "0-1"]
[WhiteTitle "IM"]
[BlackTitle "GM"]
[WhiteElo "2339"]
[BlackElo "2603"]
[WhiteTeam "Haifa Chess Club-Nesher"]
[BlackTeam "Rishon Letzion Feldklein"]
[WhiteFideId "13503391"]
[BlackFideId "2801906"]
[EventDate "2018.01.05"]

1. d4 Nf6 2. Nf3 c5 3. d5 b5 4. b3 e6 5. dxe6 fxe6 6. e3 b4 7. a3 Bb7 8. axb4
cxb4 9. Bd3 Be7 10. Bb2 O-O 11. Nbd2 a5 12. Nc4 Nc6 13. O-O Qc7 14. Nfe5 d6 15.
Nxc6 Bxc6 16. Qe2 d5 17. Ne5 Bb7 18. f4 Bd6 19. Bd4 Bc5 20. Kh1 Bxd4 21. exd4
Qb6 22. Qe3 Ba6 23. Bxa6 Rxa6 24. Nd3 Ne4 25. Nc5 Nxc5 26. dxc5 Qb5 27. Qd3 Rb8
28. Rfe1 Rc6 29. Qh3 Re8 30. Qh5 g6 31. Qe5 Rf8 32. c3 Qxc5 33. cxb4 axb4 34.
Ra4 Qc3 35. Qe2 Rxf4 36. Ra8+ Kg7 37. Ra7+ Kh6 38. Rg1 Qd4 39. Raa1 Qe4 40. Qb5
Rc3 41. Qd7 Rh4 42. Rgf1 Qe5 0-1

[Event "TCh-ISR 2018"]
[Site "Israel ISR"]
[Date "2018.03.02"]
[Round "11.6"]
[Board "2"]
[White "Baron, Tal"]
[Black "Iakymov, Volodymyr"]
[Result "1/2-1/2"]
[WhiteTitle "GM"]
[BlackTitle "IM"]
[WhiteElo "2548"]
[BlackElo "2442"]
[WhiteTeam "Rishon Letzion Feldklein"]
[BlackTeam "Haifa Chess Club-Nesher"]
[WhiteFideId "2809958"]
[BlackFideId "14110164"]
[EventDate "2018.01.05"]

1. d4 Nf6 2. c4 g6 3. f3 d5 4. cxd5 Nxd5 5. e4 Nb6 6. Nc3 Bg7 7. Be3 O-O 8. Qd2
Nc6 9. O-O-O e5 10. d5 Nd4 11. f4 c5 12. fxe5 Bg4 13. Re1 Bxe5 14. h3 Bd7 15.
Nf3 Nxf3 16. gxf3 Re8 17. Bd3 Na4 18. Nxa4 Bxa4 19. f4 Bg7 20. Bb1 Rc8 21. h4 c4
22. Bd4 c3 23. bxc3 Bxd4 24. Qxd4 b5 25. Kb2 Rc4 26. Qd2 b4 27. cxb4 Qb6 28. Ka1
Rxb4 29. Qc3 Rb8 30. Bd3 Bc2 31. Bxc2 Rc4 32. Rb1 Qxb1+ 33. Bxb1 Rxc3 34. h5 Rf3
35. hxg6 hxg6 36. f5 gxf5 37. exf5 Kg7 38. Rd1 Kf6 39. Bc2 Rf2 40. Bb3 Rxf5 41.
Kb2 Ke5 42. d6 Rf2+ 43. Kc3 Rd8 44. Rd5+ Ke4 45. Rd4+ Ke3 46. Rd3+ Ke4 47. Rd4+
Ke5 48. Rd5+ Ke4 1/2-1/2

[Event "TCh-ISR 2018"]
[Site "Israel ISR"]
[Date "2018.03.02"]
[Round "11.6"]
[Board "3"]
[White "Kaplivatski, Alexander"]
[Black "Zanan, Evgeny"]
[Result "0-1"]
[WhiteTitle "FM"]
[BlackTitle "IM"]
[WhiteElo "2217"]
[BlackElo "2482"]
[WhiteTeam "Haifa Chess Club-Nesher"]
[BlackTeam "Rishon Letzion Feldklein"]
[WhiteFideId "2801094"]
[BlackFideId "24101940"]
[EventDate "2018.01.05"]

1. e4 c5 2. Nf3 e6 3. d4 cxd4 4. Nxd4 Nc6 5. Nc3 Qc7 6. Be2 Nf6 7. O-O Be7 8.
Be3 O-O 9. f4 d6 10. Qd2 a6 11. Rad1 Na5 12. b3 b5 13. Bf3 Bb7 14. Qd3 Nd7 15.
e5 d5 16. Nce2 Rac8 17. Qd2 g6 18. g3 Nc5 19. h4 Ne4 20. Qe1 Nc6 21. Kg2 Nb4 22.
c3 Nxa2 23. h5 Naxc3 24. Rc1 b4 25. g4 Qd7 26. g5 Nxe2 27. Bxe2 Rxc1 28. Bxc1
Rc8 29. hxg6 hxg6 30. Rh1 Bf8 31. Bg4 Bg7 32. Qh4 Rc3 33. Qh7+ Kf8 34. Bxe6 Rg3+
35. Kf1 fxe6 36. Qxg6 Bc8 37. f5 Qc7 38. Bf4 Rg4 39. Be3 Qc3 40. f6 Qd3+ 0-1

[Event "TCh-ISR 2018"]
[Site "Israel ISR"]
[Date "2018.03.02"]
[Round "11.6"]
[Board "4"]
[White "Kobo, Ori"]
[Black "Frenkel, Ran"]
[Result "1-0"]
[WhiteTitle "GM"]
[WhiteElo "2477"]
[BlackElo "2189"]
[WhiteTeam "Rishon Letzion Feldklein"]
[BlackTeam "Haifa Chess Club-Nesher"]
[WhiteFideId "2812320"]
[BlackFideId "2815974"]
[EventDate "2018.01.05"]

1. Nf3 Nf6 2. g3 g6 3. b3 Bg7 4. Bb2 O-O 5. Bg2 c5 6. c4 Nc6 7. O-O d6 8. d4
cxd4 9. Nxd4 Bd7 10. Nc3 Qa5 11. e4 Qh5 12. Qxh5 Nxh5 13. Nxc6 Bxc6 14. Rab1 Nf6
15. Rfe1 Rfe8 16. f4 Nd7 17. Nd5 Bxb2 18. Rxb2 Bxd5 19. cxd5 Nc5 20. Rc2 a5 21.
Bf1 Rab8 22. Bb5 Rec8 23. Ree2 Rc7 24. Kg2 Rbc8 25. Kf3 f5 26. exf5 gxf5 27. Kg2
Kf7 28. Rc3 Ne4 29. Rxc7 Rxc7 30. Bd3 Nc3 31. Re1 Nxd5 32. Bxf5 Nf6 33. g4 Kg7
34. Be6 Rc2+ 35. Kg3 d5 36. Bf5 Ne4+ 37. Bxe4 dxe4 38. Rxe4 Kf7 39. Ra4 b6 40.
h3 h6 41. Kh4 Re2 42. Kh5 Kg7 43. h4 Rh2 44. Rc4 Rxa2 45. Rc6 b5 46. Rxh6 Ra3
47. Rg6+ Kf7 48. Ra6 a4 49. Kh6 Rxb3 50. g5 e6 51. Ra7+ Kf8 52. g6 Rg3 53. g7+
Kg8 54. Ra8+ Kf7 55. Rf8+ Ke7 56. g8=Q Rxg8 57. Rxg8 Kd6 58. Ra8 Kc6 59. h5 Kb7
60. Rd8 a3 61. Rd3 1-0

[Event "TCh-ISR 2018"]
[Site "Israel ISR"]
[Date "2018.03.02"]
[Round "11.6"]
[Board "5"]
[White "Shohat, Yotam"]
[Black "Kaspi, Alexander"]
[Result "0-1"]
[BlackTitle "IM"]
[WhiteElo "2204"]
[BlackElo "2460"]
[WhiteTeam "Haifa Chess Club-Nesher"]
[BlackTeam "Rishon Letzion Feldklein"]
[WhiteFideId "2813955"]
[BlackFideId "2802910"]
[EventDate "2018.01.05"]

1. e4 c5 2. Nf3 d6 3. d4 cxd4 4. Qxd4 Nc6 5. Bb5 Bd7 6. Bxc6 bxc6 7. O-O e5 8.
Qd3 Be7 9. Na3 Be6 10. Rd1 Qc7 11. Nc4 Rd8 12. Bd2 Rd7 13. Bb4 Bxc4 14. Qxc4 Nf6
15. Bc3 O-O 16. Rd3 Qb7 17. Qa4 Rc7 18. Nd2 Nd7 19. Bb4 Nb6 20. Qb3 d5 21. Bxe7
Rxe7 22. a4 d4 23. a5 Qa6 24. Qa3 Nc8 25. Qc5 Re6 26. Qc4 Qb7 27. a6 Qc7 28. Qc5
Nb6 29. Rb3 Qe7 30. Ra5 Rc8 31. Nc4 Qg5 32. Ra1 Nxc4 33. Qxc4 Rg6 34. g3 Rf6 35.
Qe2 h5 36. h4 Qg6 37. Rb7 Ra8 38. Ra5 Re6 39. Qf3 Rf6 40. Qd3 Re6 41. Rc5 Qf6
42. Qb3 g5 43. hxg5 Qxg5 44. Rxc6 Rae8 45. Rcc7 h4 46. Rxf7 hxg3 47. Rg7+ Qxg7
48. Rxg7+ Kxg7 49. Qxg3+ Rg6 0-1

[Event "TCh-ISR 2018"]
[Site "Israel ISR"]
[Date "2018.03.02"]
[Round "11.6"]
[Board "6"]
[White "Liss, Eran"]
[Black "Goikhfis, Ilya"]
[Result "1/2-1/2"]
[WhiteTitle "GM"]
[WhiteElo "2437"]
[BlackElo "2077"]
[WhiteTeam "Rishon Letzion Feldklein"]
[BlackTeam "Haifa Chess Club-Nesher"]
[WhiteFideId "2800721"]
[BlackFideId "2809729"]
[EventDate "2018.01.05"]

1. e4 c5 2. Nf3 Nc6 3. Nc3 g6 4. d4 cxd4 5. Nxd4 Bg7 6. Be3 d6 7. Qd2 Nf6 8. f3
Bd7 9. O-O-O h5 10. Kb1 Qa5 11. Nb3 Qc7 12. Bg5 Be6 13. Nd5 Bxd5 14. exd5 Ne5
15. Bb5+ Kf8 16. Rhe1 Nc4 17. Bxc4 Qxc4 18. Na5 Qc7 19. Qb4 Qb6 20. a3 Rc8 21.
c4 Rc7 22. Be3 Qa6 23. a4 Nd7 24. Qb5 Bf6 25. b3 Qxb5 26. axb5 Bc3 27. Bd2 Bxd2
28. Rxd2 Nb6 29. Rde2 g5 30. Re4 f5 31. Rd4 Kf7 32. h4 Rg8 33. hxg5 Rxg5 34. Re2 1/2-1/2